000
00338nam a2200145Ia 4500
008
230718s9999 xx 000 0 und d
041
_a
Eng.
082
_a
343.255
_b
YED-S
100
_a
yed, Nadeem Saqlain
245
0
_a
Sales Tax Act 1980
260
_a
Pakistan
_b
Manjool law book
_c
2012
300
_a
79
650
_a
Law
999
_c
26840
_d
26840